Afganistan história, boje, prežitie
Gespeichert in:
| 1. Verfasser: | |
|---|---|
| Format: | Buch |
| Sprache: | Slowakisch |
| Veröffentlicht: |
Bratislava
ZAHER International Trade
2014
|
| Schlagworte: | |
| Tags: |
Keine Tags, Fügen Sie das erste Tag hinzu!
|
MARC
| LEADER | 00000nam a2200000 4500 | ||
|---|---|---|---|
| 001 | 0272388 | ||
| 005 | 20240314094153.0 | ||
| 020 | |a 978-80-971702-0-2 | ||
| 041 | 0 | |a slo | |
| 044 | |a SK | ||
| 245 | 1 | 0 | |a Afganistan |b história, boje, prežitie |c Zahir Jaan Zaher |
| 264 | 1 | |a Bratislava |b ZAHER International Trade |c 2014 | |
| 300 | |a 102 s. | ||
| 610 | 2 | 0 | |a krajiny rozvojové |
| 610 | 2 | 0 | |a história |
| 610 | 2 | 0 | |a obyvateľstvo |
| 610 | 2 | 0 | |a úroveň životná |
| 610 | 2 | 0 | |a kultúra |
| 610 | 2 | 0 | |a náboženstvo |
| 610 | 2 | 0 | |a vývoj politický |
| 610 | 2 | 0 | |a dôsledky sociálne |
| 610 | 2 | 0 | |a politika medzinárodná |
| 610 | 2 | 0 | |a vojny |
| 610 | 2 | 0 | |a terorizmus |
| 610 | 2 | 0 | |a geopolitika |
| 610 | 2 | 0 | |a prostredie životné |
| 610 | 2 | 0 | |a Afganistan |
| 100 | 1 | |a Zaher, Zahir Jaan | |